Finish the Famous Literary Quote - Statistics

General Stats
  • This quiz has been taken 131 times
  • The average score is 4 of 20
Answer Stats
Book Quote Word % Correct
The Lord of the Rings “Not all those who ___ are lost.” wander
62%
Cry, the Beloved Country "But there is only one thing that has power completely, and this is ___." love
59%
The Little Prince "It is only with the ___ that one can see rightly; what is essential is invisible to the eye." heart
49%
Paradise Lost "The ___ is its own place, and in itself can make a heaven of hell, a hell of heaven." mind
30%
The Scarlet Letter "We ___ in our waking moments, and walk in our sleep." dream
25%
A Game of Thrones "Never forget who you are, for surely the ___ will not." world
21%
Frankenstein "Beware; for I am _____, and therefore powerful." fearless
18%
The Picture of Dorian Gray "To define is to ___" limit
18%
Jane Eyre "I would always rather be ___ than dignified." happy
17%
Harry Potter and the Chamber of Secrets "It is our ___ that show what we truly are, far more than our abilities." choices
16%
Anna Karenina "If you look for _____, you'll never be content." perfection
11%
Little Women “I am not afraid of ____, for I am learning how to sail my ship.” storms
10%
The Glass Menagerie "___ is the longest distance between two places." Time
10%
The Unbearable Lightness of Being "Two people in love, alone, isolated from the world, that's _____." beautiful
9%
The Alchemist “It’s the possibility of having a dream come true that makes life ______.” interesting
6%
The Great Gatsby "The _____ moment in someone's life is when they are watching their whole world fall apart, and all they can do is stare blankly." loneliest
4%
The Catcher In the Rye “Don’t ever tell anybody anything. If you do, you start ____ everybody.” missing
3%
Pride and Prejudice "Laugh as much as you choose, but you will not laugh me out of my ____." opinion
3%
I Know Why the Caged Bird Sings “There is no greater ___ than bearing an untold story inside you.” agony
1%
Invisible Man “Life is to be lived, not controlled; and ____ is won by continuing to play in face of certain defeat.” humanity
1%
No matching quizzes found
Score Distribution
Percent of People with Each Score
Percentile by Number Answered
Your Score History
You have not taken this quiz